000 00527nam a2200181Ia 4500
005 20250326142049.0
008 250326s9999 xx 000 0 und d
037 _aTextbook
040 _aFMSL
_beng
_cFMSL
041 _aeng
_2eng
084 _aD658(B) M4
_qFMSL
100 _aStair Ralph M
245 0 _aPrinciples of data processing : Concepts applications and cases
_cStair Ralph M
260 _aRichard
_bRichard, D IRWIN
_c1984
300 _a628p
942 _cTB
_hD658(B) M4
999 _c1293271
_d1293271